| 000 | 00811nam a2200241 i 4500 | ||
|---|---|---|---|
| 001 | 17513 | ||
| 003 | ES-MaACL | ||
| 005 | 20240223125334.0 | ||
| 007 | t| | ||
| 008 | 010323s2000 sp a |||| |dspa d | ||
| 020 | _a84-7286-414-6 | ||
| 080 | _a821.134.2(460.12)"18/19" | ||
| 100 | 1 |
_aBolado, José. _929935 |
|
| 245 | 1 | 0 |
_aGijón _b: el cuerpo de los vientos : cuatro literatos gijoneses / _cJosé Bolado ; prólogo, José Esteban. |
| 260 |
_aGijón : _bGEA, _c[2000] |
||
| 300 |
_a198 p. : _bil. ; _c20 cm. |
||
| 490 | 1 |
_aBiblioteca gijonesa del siglo XX ; _v14 |
|
| 650 | 1 | 4 |
_aLiteratura española- _zGijón. _9167920 |
| 700 | 1 |
_aEsteban, José, _d1935- _948033 |
|
| 830 | 0 |
_aBiblioteca gijonesa del siglo XX ; _v14 _9228721 |
|
| 852 |
_aES-MaACL _jL-24423 |
||
| 999 |
_c17513 _d17513 |
||